| 000 | 00444nam a22001697a 4500 | ||
|---|---|---|---|
| 003 | LK-CoMWRAF | ||
| 005 | 20231120154234.0 | ||
| 008 | 231120b |||||||| |||| 00| 0 eng d | ||
| 040 |
_aLK-CoMWRAF _dLK-CoMWRAF _eLK-CoMWRAF |
||
| 041 | _aeng | ||
| 082 |
_a428.4 _bRAD |
||
| 245 | _aRadiant reading book five | ||
| 260 |
_aEdinburgh : _bW. & R. Chambers, _c1972 |
||
| 650 | _aReading | ||
| 700 |
_aCollocott, Thomas Charles _eed. |
||
| 942 | _cBK | ||
| 999 |
_c4176 _d4176 |
||